Multimédia az oktatásban

Elmentve itt :
Bibliográfiai részletek
Szerző: Papp Róbert
További közreműködők: Molnár Gyöngyvér (Témavezető)
Dokumentumtípus: Szakdolgozat
Megjelent: 2009
Tárgyszavak:
Online Access:http://diploma.bibl.u-szeged.hu/56554
LEADER 00524nta a2200157 i 4500
001 dipl56554
005 20160427154541.0
008 160427s2009 hu om 0|| hun d
040 |a SZTE Diploma Repozitórium  |b hun 
041 |a hun 
100 1 |a Papp Róbert 
245 1 0 |a Multimédia az oktatásban  |h [elektronikus dokumentum] /  |c Róbert Papp 
260 |c 2009 
650 4 |a Bölcsészettudományok 
700 1 |a Molnár Gyöngyvér  |e ths 
856 4 0 |u http://diploma.bibl.u-szeged.hu/id/eprint/56554/1/2009_papp_robert.pdf  |z Dokumentum-elérés